000 00409nam a2200169Ia 4500
005 20251020182600.0
008 200515s9999 xx 000 0 und d
082 _aSC/331.823/H12
100 _aHACKETT, W. J.ROBBINS, G.P.
245 0 _aManual técnico de seguridad
260 _aMéxico, D.F.
260 _c1982
300 _a210
650 _aMANUALES
650 _aSEGURIDAD DEL TRABAJO
942 _cLIB
999 _c3015
_d3015